[Event "Olympiad-45"]
[Site "Budapest"]
[Date "2024.09.18"]
[Round "7.3"]
[White "Sargissian, Gabriel"]
[Black "Adams, Michael"]
[Result "1/2-1/2"]
[WhiteElo "2646"]
[BlackElo "2661"]
[PlyCount "60"]
[EventDate "2024.09.11"]
[EventType "team-swiss"]
[EventRounds "11"]
[EventCountry "HUN"]
[SourceTitle "EXT 2025"]
[Source "ChessBase"]
[SourceDate "2024.10.14"]
[SourceVersion "1"]
[SourceVersionDate "2024.10.14"]
[SourceQuality "1"]
[WhiteTeam "Armenia"]
[BlackTeam "England"]
[WhiteTeamCountry "ARM"]
[BlackTeamCountry "ENG"]

1. Nf3 d5 2. g3 Nd7 3. d4 Nb6 4. Nc3 Bf5 5. Nh4 Bg4 6. Qd3 e6 7. e4 Be7 8. h3 Bh5 9. Ng2 Bg6 10. Nf4 dxe4 11. Nxe4 Bf5 12. g4 Bxe4 13. Qxe4 c6 14. c3 Nf6 15. Qe2 Nfd5 16. Nd3 a5 17. a4 0-0 18. Bg2 Rc8 19. 0-0 c5 20. dxc5 Bxc5 21. Nf4 Qc7 22. Nxd5 Nxd5 23. Rd1 b6 24. Rd3 Nf4 25. Bxf4 Qxf4 26. Qd2 Qxd2 27. Rxd2 Rcd8 28. Rad1 Rxd2 29. Rxd2 g5 30. Kf1 Kg7 1/2-1/2

[Event "Olympiad-45"]
[Site "Budapest"]
[Date "2024.09.16"]
[Round "6.7"]
[White "Adams, Michael"]
[Black "Lodici, Lorenzo"]
[Result "1/2-1/2"]
[WhiteElo "2661"]
[BlackElo "2556"]
[PlyCount "87"]
[EventDate "2024.09.11"]
[EventType "team-swiss"]
[EventRounds "11"]
[EventCountry "HUN"]
[SourceTitle "EXT 2025"]
[Source "ChessBase"]
[SourceDate "2024.10.14"]
[SourceVersion "1"]
[SourceVersionDate "2024.10.14"]
[SourceQuality "1"]
[WhiteTeam "England"]
[BlackTeam "Italy"]
[WhiteTeamCountry "ENG"]
[BlackTeamCountry "ITA"]

1. e4 e5 2. Nf3 Nc6 3. Bb5 a6 4. Ba4 Nf6 5. 0-0 Be7 6. d3 b5 7. Bb3 d6 8. a4 Bd7 9. Nc3 Na5 10. Ba2 b4 11. Nd5 Nxd5 12. Bxd5 c6 13. Ba2 c5 14. c3 Rb8 15. Bd5 Be6 16. Bxe6 fxe6 17. Bd2 Nc6 18. Be3 Na5 19. d4 exd4 20. cxd4 c4 21. d5 e5 22. Rc1 Qd7 23. Nd2 c3 24. bxc3 b3 25. Qe2 b2 26. Rb1 Qb7 27. Nc4 Nxc4 28. Qxc4 0-0 29. a5 Qb5 30. Qc7 Bd8 31. Qxd6 Bxa5 32. Qxe5 Rfe8 33. Qd4 Qb3 34. d6 Bxc3 35. Qc5 Rec8 36. Qa7 Qb7 37. d7 Qxa7 38. dxc8Q+ Rxc8 39. Bxa7 a5 40. Rfc1 bxc1Q+ 41. Rxc1 Rc4 42. Kf1 a4 43. Ke2 Rxe4+ 44. Kd3 1/2-1/2

[Event "Olympiad-45"]
[Site "Budapest"]
[Date "2024.09.14"]
[Round "4.10"]
[White "Adams, Michael"]
[Black "Paichadze, Luka"]
[Result "1/2-1/2"]
[WhiteElo "2661"]
[BlackElo "2516"]
[PlyCount "104"]
[EventDate "2024.09.11"]
[EventType "team-swiss"]
[EventRounds "11"]
[EventCountry "HUN"]
[SourceTitle "EXT 2025"]
[Source "ChessBase"]
[SourceDate "2024.10.14"]
[SourceVersion "1"]
[SourceVersionDate "2024.10.14"]
[SourceQuality "1"]
[WhiteTeam "England"]
[BlackTeam "Georgia"]
[WhiteTeamCountry "ENG"]
[BlackTeamCountry "GEO"]

1. e4 c6 2. d4 d5 3. e5 Bf5 4. Bd3 Bxd3 5. Qxd3 e6 6. Ne2 Qa5+ 7. c3 Qa6 8. Qd1 c5 9. 0-0 Nc6 10. a4 cxd4 11. Nxd4 Nxd4 12. cxd4 Ne7 13. Nc3 Nc6 14. Be3 Qb6 15. Qg4 a6 16. Rfc1 h5 17. Qd1 Na5 18. Rc2 Be7 19. h3 g6 20. Qf3 0-0 21. Ne2 Rac8 22. Rac1 Rc6 23. Rxc6 bxc6 24. Nf4 Nc4 25. Qg3 Kh7 26. Nd3 Qb3 27. Rc3 Qd1+ 28. Kh2 Rb8 29. Bg5 Bf8 30. Qf4 Kg8 31. g4 Rb3 32. Qc1 Qxc1 33. Bxc1 Rxc3 34. bxc3 hxg4 35. hxg4 Nb6 36. a5 Nc4 37. Nb4 Nxa5 38. Nxa6 Nb3 39. Be3 Ba3 40. Kg3 Bb2 41. Nb4 Bxc3 42. Nxc6 Kf8 43. Kf3 Ke8 44. Ke2 Kd7 45. Kd3 Kxc6 46. Kxc3 Na5 47. Kb4 Kb6 48. Ka4 Nc6 49. f3 Ka6 50. Bf2 Kb6 51. Be3 Ka6 52. Bf2 Kb6 1/2-1/2

[Event "Olympiad-45"]
[Site "Budapest"]
[Date "2024.09.12"]
[Round "2.9"]
[White "Cori Quispe, Kevin Joel"]
[Black "Adams, Michael"]
[Result "1/2-1/2"]
[WhiteElo "2461"]
[BlackElo "2661"]
[PlyCount "72"]
[EventDate "2024.09.11"]
[EventType "team-swiss"]
[EventRounds "11"]
[EventCountry "HUN"]
[SourceTitle "EXT 2025"]
[Source "ChessBase"]
[SourceDate "2024.10.14"]
[SourceVersion "1"]
[SourceVersionDate "2024.10.14"]
[SourceQuality "1"]
[WhiteTeam "Mexico"]
[BlackTeam "England"]
[WhiteTeamCountry "MEX"]
[BlackTeamCountry "ENG"]

1. e4 e5 2. Nf3 Nc6 3. Bb5 a6 4. Ba4 Nf6 5. 0-0 Be7 6. d3 b5 7. Bb3 d6 8. c3 0-0 9. Re1 Na5 10. Bc2 c5 11. Nbd2 Nc6 12. Nf1 Re8 13. Ng3 h6 14. h3 Be6 15. d4 cxd4 16. cxd4 exd4 17. Nxd4 Nxd4 18. Qxd4 Rc8 19. Bb3 d5 20. e5 Bc5 21. Qd3 Ne4 22. Nxe4 dxe4 23. Qxe4 Qd4 24. Qe2 Bxb3 25. axb3 Rc6 26. Be3 Qxe5 27. Qc2 Rec8 28. Bxc5 Rxc5 29. Rxe5 Rxc2 30. Rxa6 Rxb2 31. Rf5 Rxb3 32. Ra7 Rf8 33. Rb7 b4 34. Rf4 Rb1+ 35. Kh2 b3 36. Rfb4 Rd8 1/2-1/2

[Event "Olympiad-45"]
[Site "Budapest"]
[Date "2024.09.11"]
[Round "1.9"]
[White "Adams, Michael"]
[Black "Yang, Ching Wei Austin"]
[Result "1-0"]
[WhiteElo "2661"]
[BlackElo "2121"]
[PlyCount "81"]
[EventDate "2024.09.11"]
[EventType "team-swiss"]
[EventRounds "11"]
[EventCountry "HUN"]
[SourceTitle "EXT 2025"]
[Source "ChessBase"]
[SourceDate "2024.10.14"]
[SourceVersion "1"]
[SourceVersionDate "2024.10.14"]
[SourceQuality "1"]
[WhiteTeam "England"]
[BlackTeam "Taiwan"]
[WhiteTeamCountry "ENG"]
[BlackTeamCountry "TPE"]

1. e4 e5 2. Nf3 Nc6 3. Bb5 a6 4. Ba4 Nf6 5. 0-0 Be7 6. d3 b5 7. Bb3 d6 8. c3 0-0 9. h3 Na5 10. Bc2 c5 11. d4 Qc7 12. d5 c4 13. b4 cxb3 14. axb3 Nb7 15. b4 Nd7 16. Be3 Nb6 17. Nbd2 f5 18. exf5 Bxf5 19. Bxf5 Rxf5 20. Qc2 Rff8 21. Qd3 Rfc8 22. Ra2 Na4 23. Rc2 a5 24. Rfc1 Qd7 25. Ne4 g6 26. Bg5 Bxg5 27. Nfxg5 Rf8 28. Ne6 Rf7 29. c4 axb4 30. cxb5 Nac5 31. N4xc5 Nxc5 32. Nxc5 dxc5 33. Rxc5 Ra3 34. Qe4 Qf5 35. Qxf5 gxf5 36. b6 b3 37. Rb5 Rb7 38. Rc8+ Kf7 39. d6 Ke6 40. Rc7 Rb8 41. d7 1-0

[Event "BCF-ch"]
[Site "Hull"]
[Date "2024.08.04"]
[Round "9"]
[White "Adams, Michael"]
[Black "Royal, Shreyas"]
[Result "1/2-1/2"]
[WhiteElo "2672"]
[BlackElo "2487"]
[PlyCount "81"]
[EventDate "2024.07.27"]
[EventType "swiss"]
[EventRounds "9"]
[EventCountry "ENG"]
[SourceTitle "CBM 221 Extra"]
[Source "ChessBase"]
[SourceDate "2024.09.30"]
[SourceVersion "1"]
[SourceVersionDate "2024.09.30"]
[SourceQuality "1"]

1. e4 e5 2. Nf3 Nc6 3. Bc4 Bc5 4. d3 Nf6 5. Nc3 h6 6. 0-0 a6 7. Be3 Bxe3 8. fxe3 d6 9. a3 0-0 10. d4 b5 11. Ba2 Bg4 12. Qd3 Bxf3 13. Rxf3 Ne7 14. Ne2 Qc8 15. Ng3 Qg4 16. Raf1 Qh4 17. c4 bxc4 18. Qxc4 c6 19. Qb4 Rad8 20. h3 a5 21. Qxa5 d5 22. exd5 exd4 23. dxc6 dxe3 24. Qc5 Ne4 25. Qxe3 Nd2 26. Rxf7 Nxf1 27. Rxe7+ Kh8 28. Nxf1 Rxf1+ 29. Kxf1 Rd1+ 30. Ke2 Re1+ 31. Kd3 Rxe3+ 32. Rxe3 Qh5 33. Kd4 Qd1+ 34. Rd3 Qa4+ 35. Ke5 Qb5+ 36. Rd5 Qxb2+ 37. Kd6 Qxa3+ 38. Rc5 Qxa2 39. c7 Qa6+ 40. Kd7 Qd3+ 41. Ke6 1/2-1/2

[Event "BCF-ch"]
[Site "Hull"]
[Date "2024.08.03"]
[Round "8"]
[White "Wadsworth, Matthew J"]
[Black "Adams, Michael"]
[Result "1/2-1/2"]
[WhiteElo "2456"]
[BlackElo "2672"]
[PlyCount "98"]
[EventDate "2024.07.27"]
[EventType "swiss"]
[EventRounds "9"]
[EventCountry "ENG"]
[SourceTitle "CBM 221 Extra"]
[Source "ChessBase"]
[SourceDate "2024.09.30"]
[SourceVersion "1"]
[SourceVersionDate "2024.09.30"]
[SourceQuality "1"]

1. d4 Nf6 2. c4 e6 3. Nf3 d5 4. Nc3 Bb4 5. cxd5 exd5 6. Bg5 0-0 7. Qc2 c5 8. e3 h6 9. Bh4 cxd4 10. Nxd4 Nc6 11. Be2 Nxd4 12. exd4 g5 13. Bg3 Ne4 14. 0-0 Bxc3 15. bxc3 Bf5 16. Bd3 Rc8 17. Bxe4 dxe4 18. Qb2 Qd5 19. f4 g4 20. Rab1 b6 21. Qb3 Rfd8 22. Rfe1 Qxb3 23. Rxb3 Rd5 24. Ra3 Rc7 25. Kf2 h5 26. Ke3 Ra5 27. Rxa5 Rxc3+ 28. Kd2 Rd3+ 29. Kc1 bxa5 30. Rd1 Ra3 31. Kb2 Re3 32. Rd2 a4 33. Bf2 a3+ 34. Kc2 Rd3 35. Rxd3 exd3+ 36. Kc3 Be6 37. d5 Bxd5 38. Bxa7 Bxg2 39. Kxd3 h4 40. Ke3 Bd5 41. Kf2 Kg7 42. Bc5 Kf6 43. Bxa3 Bxa2 44. Bd6 Bd5 45. Bc7 Kf5 46. Bd8 f6 47. Be7 Kxf4 48. Bxf6 g3+ 49. hxg3+ hxg3+ 1/2-1/2

[Event "BCF-ch"]
[Site "Hull"]
[Date "2024.08.02"]
[Round "7"]
[White "Adams, Michael"]
[Black "Jones, Gawain C B"]
[Result "1/2-1/2"]
[WhiteElo "2672"]
[BlackElo "2640"]
[PlyCount "113"]
[EventDate "2024.07.27"]
[EventType "swiss"]
[EventRounds "9"]
[EventCountry "ENG"]
[SourceTitle "CBM 221 Extra"]
[Source "ChessBase"]
[SourceDate "2024.09.30"]
[SourceVersion "1"]
[SourceVersionDate "2024.09.30"]
[SourceQuality "1"]

1. e4 e5 2. Nf3 Nc6 3. Bb5 a6 4. Ba4 Nf6 5. 0-0 Nxe4 6. d4 Be7 7. Re1 b5 8. Rxe4 d5 9. Nxe5 Nxe5 10. Rxe5 bxa4 11. Bf4 0-0 12. Re3 Bf5 13. Nc3 a3 14. bxa3 c5 15. dxc5 Bxc5 16. Re5 Bg6 17. Nxd5 Rc8 18. c3 Bd6 19. Re3 Bxa3 20. Qf3 Bc5 21. Re5 f6 22. Re2 Qd7 23. Be3 Rfe8 24. Rd1 Qf5 25. Qxf5 Bxf5 26. h3 Ba3 27. Rd4 Bc5 28. Rf4 Be6 29. Bxc5 Bxd5 30. Rxe8+ Rxe8 31. Ra4 Rc8 32. Bd4 Bc4 33. a3 Bb5 34. Rb4 Rc4 35. Rb3 Kf7 36. f3 h5 37. g4 hxg4 38. fxg4 g5 39. Kf2 Rc6 40. Rb4 Rc4 41. Rb2 Rc6 42. Kg3 Kg6 43. Rf2 Rd6 44. Rf5 Bd7 45. Rc5 Bc6 46. h4 gxh4+ 47. Kxh4 Re6 48. Kh3 Rd6 49. Kg3 Re6 50. Kh4 Rd6 51. Rh5 Re6 52. Kg3 Re4 53. Ra5 Bb5 54. a4 Be2 55. Kf2 Re6 56. Kg3 Re4 57. Kf2 1/2-1/2

[Event "BCF-ch"]
[Site "Hull"]
[Date "2024.08.01"]
[Round "6"]
[White "Howell, David"]
[Black "Adams, Michael"]
[Result "1/2-1/2"]
[WhiteElo "2675"]
[BlackElo "2672"]
[PlyCount "82"]
[EventDate "2024.07.27"]
[EventType "swiss"]
[EventRounds "9"]
[EventCountry "ENG"]
[SourceTitle "CBM 221 Extra"]
[Source "ChessBase"]
[SourceDate "2024.09.30"]
[SourceVersion "1"]
[SourceVersionDate "2024.09.30"]
[SourceQuality "1"]

1. c4 e5 2. Nc3 Nf6 3. Nf3 Nc6 4. g3 d5 5. cxd5 Nxd5 6. Bg2 Nf6 7. 0-0 h6 8. b4 e4 9. Ne1 Bxb4 10. Nxe4 Nxe4 11. Bxe4 0-0 12. Rb1 Ba5 13. e3 Re8 14. Bg2 Ne5 15. d4 c5 16. Nc2 Bg4 17. f3 Bf5 18. e4 cxd4 19. Nxd4 Bb6 20. Be3 Be6 21. Nc2 Nc4 22. Bxb6 axb6 23. Qxd8 Rexd8 24. Ra1 Rd2 25. Rf2 Rxf2 26. Kxf2 Rd8 27. Re1 Ne5 28. Nb4 Rd4 29. a3 Nc4 30. Nc2 Rd2+ 31. Re2 Rd3 32. Bf1 b5 33. Re1 Rc3 34. Nd4 Nxa3 35. Nxb5 Nxb5 36. Bxb5 Rb3 37. Be2 b5 38. f4 g6 39. Ra1 h5 40. Ra7 Rb2 41. Ke3 Bc4 1/2-1/2

[Event "BCF-ch"]
[Site "Hull"]
[Date "2024.07.31"]
[Round "5"]
[White "Adams, Michael"]
[Black "Salmons, Calum"]
[Result "1-0"]
[WhiteElo "2672"]
[BlackElo "1999"]
[PlyCount "99"]
[EventDate "2024.07.27"]
[EventType "swiss"]
[EventRounds "9"]
[EventCountry "ENG"]
[SourceTitle "CBM 221 Extra"]
[Source "ChessBase"]
[SourceDate "2024.09.30"]
[SourceVersion "1"]
[SourceVersionDate "2024.09.30"]
[SourceQuality "1"]

1. e4 c5 2. Nf3 d6 3. Nc3 Nf6 4. d4 cxd4 5. Qxd4 Nc6 6. Qe3 g6 7. Bc4 Bg7 8. h3 0-0 9. 0-0 a6 10. a4 Qc7 11. Qe2 b6 12. Bg5 Na5 13. Bd5 Bb7 14. Bxb7 Qxb7 15. Rad1 Rac8 16. e5 dxe5 17. Nxe5 Rfd8 18. b4 Nc6 19. Qf3 h6 20. Bf4 Re8 21. Nd5 Nxd5 22. Qxd5 e6 23. Qe4 Bxe5 24. Bxe5 Qe7 25. Bd6 Qf6 26. c4 Qf5 27. Qe3 b5 28. cxb5 axb5 29. g4 Qg5 30. Qxg5 hxg5 31. axb5 Nd8 32. Rc1 Nb7 33. Be5 Kf8 34. Rc6 Rcd8 35. Rb6 Rd7 36. Ra1 Rc8 37. Bf6 Ke8 38. Bxg5 Nd6 39. Bf4 Ke7 40. Rd1 Nc4 41. Rxd7+ Kxd7 42. Rb7+ Ke8 43. h4 e5 44. Bg5 Kf8 45. Be7+ Kg7 46. b6 Re8 47. Bc5 Re6 48. Rb8 Rc6 49. b7 Rc7 50. Rg8+ 1-0

[Event "BCF-ch"]
[Site "Hull"]
[Date "2024.07.30"]
[Round "4"]
[White "Han, Yichen"]
[Black "Adams, Michael"]
[Result "1/2-1/2"]
[WhiteElo "2414"]
[BlackElo "2672"]
[PlyCount "30"]
[EventDate "2024.07.27"]
[EventType "swiss"]
[EventRounds "9"]
[EventCountry "ENG"]
[SourceTitle "CBM 221 Extra"]
[Source "ChessBase"]
[SourceDate "2024.09.30"]
[SourceVersion "1"]
[SourceVersionDate "2024.09.30"]
[SourceQuality "1"]

1. e4 e5 2. Nf3 Nc6 3. Nc3 Nf6 4. h3 Bb4 5. Nd5 Nxd5 6. exd5 e4 7. dxc6 exf3 8. Qxf3 bxc6 9. c3 Be7 10. d4 0-0 11. Bd3 a5 12. 0-0 Ba6 13. Re1 Bxd3 14. Qxd3 a4 15. Bf4 d5 1/2-1/2

[Event "BCF-ch"]
[Site "Hull"]
[Date "2024.07.28"]
[Round "2"]
[White "Lentzos, Ioanis"]
[Black "Adams, Michael"]
[Result "0-1"]
[WhiteElo "2119"]
[BlackElo "2672"]
[PlyCount "100"]
[EventDate "2024.07.27"]
[EventType "swiss"]
[EventRounds "9"]
[EventCountry "ENG"]
[SourceTitle "CBM 221 Extra"]
[Source "ChessBase"]
[SourceDate "2024.09.30"]
[SourceVersion "1"]
[SourceVersionDate "2024.09.30"]
[SourceQuality "1"]

1. d4 Nf6 2. c4 e6 3. Nf3 Bb4+ 4. Bd2 a5 5. a3 Be7 6. Nc3 d5 7. Bf4 c6 8. e3 Nbd7 9. c5 Nh5 10. Bd3 Nxf4 11. exf4 Qc7 12. g3 b6 13. b4 Ba6 14. Bxa6 Rxa6 15. Qe2 Ra7 16. 0-0 g6 17. Rfc1 0-0 18. cxb6 Qxb6 19. b5 a4 20. Ng5 Bxg5 21. fxg5 c5 22. dxc5 Nxc5 23. Qe3 Rc8 24. Rab1 Rac7 25. Rd1 Nd7 26. Nxa4 Qxe3 27. fxe3 Ne5 28. Nb6 Rb8 29. Na4 Rc4 30. Nb2 Rc2 31. a4 Nf3+ 32. Kf1 Nxh2+ 33. Kg1 Nf3+ 34. Kf1 Nd2+ 35. Ke1 Nxb1 36. Rxb1 Kf8 37. Kd1 Rc3 38. Kd2 Rb3 39. Kc2 Ra3 40. Rd1 Rc8+ 41. Kb1 Ke7 42. Rd4 Rxe3 43. b6 Rb3 44. a5 Ra8 45. Kc2 Rb5 46. Nd3 Raxa5 47. Ne5 Rxb6 48. Rf4 Ra2+ 49. Kc1 Re2 50. Rxf7+ Ke8 0-1

[Event "BCF-ch"]
[Site "Hull"]
[Date "2024.07.27"]
[Round "1"]
[White "Adams, Michael"]
[Black "Villiers, Thomas"]
[Result "1/2-1/2"]
[WhiteElo "2672"]
[BlackElo "2229"]
[PlyCount "101"]
[EventDate "2024.07.27"]
[EventType "swiss"]
[EventRounds "9"]
[EventCountry "ENG"]
[SourceTitle "CBM 221 Extra"]
[Source "ChessBase"]
[SourceDate "2024.09.30"]
[SourceVersion "1"]
[SourceVersionDate "2024.09.30"]
[SourceQuality "1"]

1. e4 c5 2. Nf3 e6 3. d4 cxd4 4. Nxd4 Nc6 5. Nc3 Qc7 6. f4 a6 7. Nxc6 bxc6 8. Qf3 d5 9. Be3 Nf6 10. Bd4 Be7 11. 0-0-0 0-0 12. Bd3 Bb7 13. Rhe1 c5 14. Be5 Qb6 15. exd5 exd5 16. Qh3 g6 17. f5 Rfe8 18. fxg6 hxg6 19. Rf1 Nh5 20. g4 Bg5+ 21. Kb1 Nf6 22. Na4 Qc6 23. Bxf6 Bxf6 24. Qf3 Re6 25. g5 Qxa4 26. gxf6 Qh4 27. b3 c4 28. Bxc4 dxc4 29. Qxb7 Rae8 30. Qf3 Re2 31. h3 cxb3 32. axb3 R2e3 33. Qf4 Qxh3 34. Kb2 R3e4 35. Qc7 Re2 36. Rf4 Qc8 37. Rd7 Qxc7 38. Rxc7 g5 39. Rd4 R2e6 40. Rd5 Rxf6 41. Rxg5+ Kf8 42. Rd5 Kg7 43. b4 Ree6 44. Kb3 Kg6 45. c3 Rc6 46. Rcd7 Rfe6 47. Rd8 f5 48. Rg8+ Kf7 49. Rg3 f4 50. Rf3 Re4 51. Kc2 1/2-1/2

[Event "WchT Seniors 50"]
[Site "Krakow"]
[Date "2024.07.11"]
[Round "9.1"]
[White "Kaspi, Alexander"]
[Black "Adams, Michael"]
[Result "1/2-1/2"]
[WhiteElo "2365"]
[BlackElo "2672"]
[PlyCount "53"]
[EventDate "2024.07.02"]
[EventType "team-swiss"]
[EventRounds "9"]
[EventCountry "POL"]
[SourceTitle "CBM 221 Extra"]
[Source "ChessBase"]
[SourceDate "2024.09.30"]
[SourceVersion "1"]
[SourceVersionDate "2024.09.30"]
[SourceQuality "1"]
[WhiteTeam "Israel Rishon Lezion 50"]
[BlackTeam "England 50"]
[WhiteTeamCountry "ISR"]
[BlackTeamCountry "ENG"]

1. d4 Nf6 2. c4 e6 3. Nf3 d5 4. Nc3 Nbd7 5. cxd5 exd5 6. Bg5 h6 7. Bh4 Be7 8. e3 0-0 9. Bd3 c6 10. Qc2 Re8 11. 0-0 Ne4 12. Bxe4 Bxh4 13. Bh7+ Kh8 14. Nxh4 Qxh4 15. Bd3 Nf6 16. b4 Bd7 17. Bf5 Rad8 18. Rfc1 g6 19. Bxd7 Rxd7 20. Qe2 Kg7 21. Qf3 Re6 22. a4 a6 23. Qg3 Qh5 24. Qf3 Qh4 25. Qg3 Qh5 26. Qf3 Qh4 27. Qg3 1/2-1/2

[Event "WchT Seniors 50"]
[Site "Krakow"]
[Date "2024.07.10"]
[Round "8.1"]
[White "Adams, Michael"]
[Black "Schuster, Karsten"]
[Result "1-0"]
[WhiteElo "2672"]
[BlackElo "2307"]
[PlyCount "95"]
[EventDate "2024.07.02"]
[EventType "team-swiss"]
[EventRounds "9"]
[EventCountry "POL"]
[SourceTitle "CBM 221 Extra"]
[Source "ChessBase"]
[SourceDate "2024.09.30"]
[SourceVersion "1"]
[SourceVersionDate "2024.09.30"]
[SourceQuality "1"]
[WhiteTeam "England 50"]
[BlackTeam "Germany 50"]
[WhiteTeamCountry "ENG"]
[BlackTeamCountry "GER"]

1. e4 c6 2. d4 d5 3. e5 Bf5 4. h4 h5 5. Bd3 Bxd3 6. Qxd3 Qa5+ 7. Nd2 e6 8. Ngf3 Qa6 9. c4 Ne7 10. 0-0 Nf5 11. b3 Be7 12. a4 Qa5 13. Rd1 Na6 14. Nf1 Nxh4 15. Nxh4 Bxh4 16. Ba3 Qd8 17. cxd5 cxd5 18. b4 Nb8 19. b5 Be7 20. Bxe7 Qxe7 21. Rac1 0-0 22. Qh3 f6 23. Re1 Nd7 24. Rc7 Rf7 25. Rxb7 g6 26. Qg3 Kg7 27. exf6+ Qxf6 28. Nh2 Qxd4 29. Nf3 Qf6 30. Qd6 Nf8 31. Rxf7+ Kxf7 32. Ne5+ Kg8 33. Qc7 Qg7 34. Rc1 d4 35. Qd6 Qf6 36. Qxd4 Rd8 37. Qe3 Qh4 38. Qxa7 Qf4 39. Re1 Rd5 40. Nc6 Rd7 41. Qb8 Qxa4 42. Ne5 Rg7 43. b6 h4 44. Re3 Qb4 45. Rf3 Qb1+ 46. Kh2 Qb4 47. Ng4 Qe7 48. b7 1-0

[Event "WchT Seniors 50"]
[Site "Krakow"]
[Date "2024.07.09"]
[Round "7.1"]
[White "Adams, Michael"]
[Black "David, Alberto"]
[Result "1/2-1/2"]
[WhiteElo "2672"]
[BlackElo "2509"]
[PlyCount "161"]
[EventDate "2024.07.02"]
[EventType "team-swiss"]
[EventRounds "9"]
[EventCountry "POL"]
[SourceTitle "CBM 221 Extra"]
[Source "ChessBase"]
[SourceDate "2024.09.30"]
[SourceVersion "1"]
[SourceVersionDate "2024.09.30"]
[SourceQuality "1"]
[WhiteTeam "England 50"]
[BlackTeam "Italy 50"]
[WhiteTeamCountry "ENG"]
[BlackTeamCountry "ITA"]

1. e4 c5 2. Nf3 e6 3. d4 cxd4 4. Nxd4 Nf6 5. Nc3 Nc6 6. Be2 d6 7. 0-0 Be7 8. Be3 0-0 9. a4 a6 10. f4 Qc7 11. Kh1 Re8 12. Bf3 Bd7 13. Nb3 b6 14. Qe2 Bc8 15. e5 Nd7 16. exd6 Bxd6 17. Rad1 Rb8 18. Nd4 Nxd4 19. Bxd4 Bc5 20. f5 Bxd4 21. Rxd4 Nf6 22. Ne4 Nxe4 23. Rxe4 Bb7 24. Re5 Bxf3 25. Rxf3 Qc6 26. fxe6 Rxe6 27. Rxe6 Qxe6 28. Qxa6 Qe4 29. Qf1 Qxc2 30. Rxf7 Qxa4 31. h3 h6 32. Rf4 Qc2 33. Qc4+ Qxc4 34. Rxc4 Kf7 35. Rc6 b5 36. b4 Rd8 37. Rc5 Rd2 38. Rxb5 Rb2 39. h4 h5 40. Kh2 Rb3 41. Rb6 g6 42. b5 Kg7 43. Rb8 Kf6 44. b6 Kf5 45. b7 Kg4 46. Rg8 Rxb7 47. Rxg6+ Kf4 48. Rg5 Rh7 49. Kh3 Rh8 50. Ra5 Rh7 51. Kh2 Rh8 52. Rg5 Rh7 53. Kg1 Rh8 54. Kf2 Rh7 55. g3+ Ke4 56. Kg2 Rh8 57. Ra5 Rh7 58. g4 Rg7 59. Rg5 Ra7 60. gxh5 Kf4 61. h6 Ra2+ 62. Kf1 Ra7 63. Ke2 Re7+ 64. Kd3 Rh7 65. Rg6 Rd7+ 66. Kc4 Kf5 67. h5 Rh7 68. Kc5 Rc7+ 69. Kd5 Rd7+ 70. Kc6 Rf7 71. Kc5 Rc7+ 72. Kd4 Rf7 73. Ke3 Ra7 74. Rg8 Rh7 75. Rg6 Ra7 76. Rg7 Ra3+ 77. Kd4 Ra4+ 78. Kc5 Ra6 79. Rg6 Rxg6 80. hxg6 Kxg6 81. h7 1/2-1/2

[Event "WchT Seniors 50"]
[Site "Krakow"]
[Date "2024.07.07"]
[Round "6.1"]
[White "Sokolin, Leonid M"]
[Black "Adams, Michael"]
[Result "0-1"]
[WhiteElo "2454"]
[BlackElo "2672"]
[PlyCount "56"]
[EventDate "2024.07.02"]
[EventType "team-swiss"]
[EventRounds "9"]
[EventCountry "POL"]
[SourceTitle "CBM 221 Extra"]
[Source "ChessBase"]
[SourceDate "2024.09.30"]
[SourceVersion "1"]
[SourceVersionDate "2024.09.30"]
[SourceQuality "1"]
[WhiteTeam "USA Too 50"]
[BlackTeam "England 50"]
[WhiteTeamCountry "USA"]
[BlackTeamCountry "ENG"]

1. e4 e5 2. Nf3 Nc6 3. Nc3 Nf6 4. Bb5 Bc5 5. 0-0 0-0 6. Nxe5 Nxe5 7. d4 Bd6 8. f4 Neg4 9. h3 Bb4 10. hxg4 Bxc3 11. bxc3 Nxe4 12. Bd3 Re8 13. Qf3 f5 14. gxf5 d5 15. Qh3 g6 16. g4 h5 17. Qh2 Qf6 18. Re1 hxg4 19. Bxe4 dxe4 20. fxg6 Qxg6 21. Rb1 b6 22. f5 Bxf5 23. Bf4 Re7 24. Bxc7 g3 25. Bxg3 Rh7 26. Qf2 Rf8 27. Re3 Bg4 28. Qd2 Bf3 0-1

[Event "WchT Seniors 50"]
[Site "Krakow"]
[Date "2024.07.06"]
[Round "5.1"]
[White "Ehlvest, Jaan"]
[Black "Adams, Michael"]
[Result "1/2-1/2"]
[WhiteElo "2528"]
[BlackElo "2672"]
[PlyCount "27"]
[EventDate "2024.07.02"]
[EventType "team-swiss"]
[EventRounds "9"]
[EventCountry "POL"]
[SourceTitle "CBM 221 Extra"]
[Source "ChessBase"]
[SourceDate "2024.09.30"]
[SourceVersion "1"]
[SourceVersionDate "2024.09.30"]
[SourceQuality "1"]
[WhiteTeam "USA 50"]
[BlackTeam "England 50"]
[WhiteTeamCountry "USA"]
[BlackTeamCountry "ENG"]

1. d4 Nf6 2. c4 e6 3. Nc3 Bb4 4. a3 Bxc3+ 5. bxc3 d6 6. f3 c5 7. e4 Nc6 8. Be3 b6 9. Bd3 0-0 10. Ne2 Nd7 11. 0-0 cxd4 12. cxd4 e5 13. f4 exd4 14. Nxd4 1/2-1/2

[Event "WchT Seniors 50"]
[Site "Krakow"]
[Date "2024.07.05"]
[Round "4.1"]
[White "Adams, Michael"]
[Black "Hjartarson, Johann"]
[Result "1-0"]
[WhiteElo "2672"]
[BlackElo "2472"]
[PlyCount "37"]
[EventDate "2024.07.02"]
[EventType "team-swiss"]
[EventRounds "9"]
[EventCountry "POL"]
[SourceTitle "CBM 221 Extra"]
[Source "ChessBase"]
[SourceDate "2024.09.30"]
[SourceVersion "1"]
[SourceVersionDate "2024.09.30"]
[SourceQuality "1"]
[WhiteTeam "England 50"]
[BlackTeam "Iceland 50"]
[WhiteTeamCountry "ENG"]
[BlackTeamCountry "ISL"]

1. e4 c5 2. Nf3 e6 3. Nc3 a6 4. g3 d6 5. Bg2 Nf6 6. e5 dxe5 7. Nxe5 Qc7 8. Nc4 Bd7 9. d3 Bc6 10. Bf4 Qd8 11. Ne4 Nd5 12. Be5 Nd7 13. 0-0 Nxe5 14. Nxe5 Rc8 15. Qh5 g6 16. Nxg6 fxg6 17. Qe5 Qe7 18. Qxh8 Kd7 19. d4 1-0

[Event "WchT Seniors 50"]
[Site "Krakow"]
[Date "2024.07.04"]
[Round "3.1"]
[White "Buckley, Graeme N"]
[Black "Adams, Michael"]
[Result "0-1"]
[WhiteElo "2311"]
[BlackElo "2672"]
[PlyCount "104"]
[EventDate "2024.07.02"]
[EventType "team-swiss"]
[EventRounds "9"]
[EventCountry "POL"]
[SourceTitle "CBM 221 Extra"]
[Source "ChessBase"]
[SourceDate "2024.09.30"]
[SourceVersion "1"]
[SourceVersionDate "2024.09.30"]
[SourceQuality "1"]
[WhiteTeam "England 50 II"]
[BlackTeam "England 50"]
[WhiteTeamCountry "ENG"]
[BlackTeamCountry "ENG"]

1. e4 e5 2. Nf3 Nc6 3. Bb5 a6 4. Ba4 Nf6 5. 0-0 b5 6. Bb3 Bc5 7. c3 d6 8. d4 Bb6 9. a4 Rb8 10. a5 Ba7 11. h3 Bb7 12. Be3 Nxe4 13. Re1 Ne7 14. dxe5 Bxe3 15. Rxe3 0-0 16. Nbd2 Nc5 17. Bc2 Nd5 18. Re1 Nf4 19. Ne4 Re8 20. Qd2 Bxe4 21. Bxe4 dxe5 22. Qe3 Nxe4 23. Qxe4 Qd3 24. Nxe5 Qxe4 25. Rxe4 Rbd8 26. Rxf4 Rxe5 27. Rd4 Red5 28. Re4 g6 29. Rae1 Kg7 30. g4 R8d6 31. R1e2 Rd2 32. Kf1 c5 33. Re7 Rd1+ 34. Kg2 Ra1 35. b4 cxb4 36. cxb4 Rb1 37. R7e4 Rb3 38. Rf4 g5 39. Rf5 Rxb4 40. Re7 Rf6 41. Rxf6 Kxf6 42. Ra7 Ra4 43. Rxa6+ Ke5 44. Ra8 Kd4 45. a6 Kc3 46. a7 Kb4 47. Kf3 Ra5 48. Ke4 Ka4 49. Kd5 b4+ 50. Kc4 Ka3 51. Kd3 b3 52. Kd2 Ka2 0-1